Mecánica para ingeniería: Dinámica
| Main Authors: | , |
|---|---|
| Format: | Section = Libro |
| Language: | Undetermined Spanish |
| Published: |
México
Addison/Wesley
1996
|
| Subjects: |
| LEADER | 00644nam a2200229Ia 4500 | ||
|---|---|---|---|
| 008 | 241007s9999||||xx |||||||||||||| ||und|| | ||
| 020 | |a 0-201-65368-0 | ||
| 040 | |a BIBLIOTECA-RURC/ 620.104 B411d | ||
| 041 | |a spa | ||
| 082 | |a 620.104 B411d | ||
| 100 | 1 | |a Bedford, Anthony | |
| 100 | 1 | |b Fowler, Wallace | |
| 245 | 1 | 0 | |a Mecánica para ingeniería: Dinámica |
| 260 | |a México |b Addison/Wesley |c 1996 | ||
| 300 | |a 548 p. :il. | ||
| 650 | 7 | |a MECANICA | |
| 650 | 7 | |b MOVIMIENTO DE UN PUNTO | |
| 650 | 7 | |c FUERZA - MASA Y ACELERACIÓN | |
| 650 | 7 | |d DINAMICA BIDIMENSIONAL DE CUERPOS RÍGIDOS | |
| 942 | |c BK |2 ddc | ||
| 991 | |a TEXTO | ||
| 999 | |c 14434 | ||